000 00468nam a2200169Ia 4500
008 230917s9999||||xx |||||||||||||| ||und||
020 _cGBP32.99
040 _e258642
_aMAIN
041 _aEnglish
082 _a394.2 B813E
100 _aBrown, Graham
245 0 _aEventscapes: Transforming place, space and experiences
260 _aOxon
_bRoutledge
_c2020
300 _axviii, 241 p.
500 _a3685 22/10/2019 HBD19/8039 04/12/2019 Main Budget
942 _cBK
999 _c33464
_d33464